Statistics for Biggest Countries By Letter #2

Click here to take the quiz!

General Stats

  • This quiz has been taken 13 times
  • The average score is 14 of 40

Answers on the Map

Answers color-coded by a green-red scale on the quiz's map according to % correct below.
 

Answer Stats

Answer% Correct
Russia
100%
Peru
58%
Kazakhstan
50%
Mongolia
50%
Niger
50%
Pakistan
50%
South Africa
50%
Mexico
42%
Nigeria
42%
Oman
42%
Poland
42%
Rwanda
42%
Saudi Arabia
42%
Sudan
42%
Kenya
33%
Libya
33%
Mali
33%
Mauritania
33%
Norway
33%
Paraguay
33%
Somalia
33%
Tunisia
33%
Turkey
33%
Laos
25%
Mozambique
25%
New Zealand
25%
Qatar
25%
Romania
25%
South Sudan
25%
Tanzania
25%
Thailand
25%
Kiribati
17%
Kuwait
17%
Kyrgyzstan
17%
Latvia
17%
Liberia
17%
Lithuania
17%
Namibia
17%
Papua New Guinea
17%
Turkmenistan
17%

Score Distribution

Percentile by Number Answered

Percent of People with Each Score

Your Score History

You have not taken this quiz